<?xml version="1.0" encoding="UTF-8"?>
<collection xmlns="http://www.loc.gov/MARC21/slim">
 <record>
  <leader>00918nam  2200409#c 4500</leader>
  <controlfield tag="001">UMA-1732</controlfield>
  <controlfield tag="003">UMA</controlfield>
  <controlfield tag="005">20230415    193405</controlfield>
  <controlfield tag="008">010523suuuu####ag#a#########||||#0#spa#d</controlfield>
  <datafield tag="336" ind1=" " ind2=" ">
   <subfield code="a">texto</subfield>
  </datafield>
  <datafield tag="337" ind1=" " ind2=" ">
   <subfield code="a">no mediado</subfield>
  </datafield>
  <datafield tag="338" ind1=" " ind2=" ">
   <subfield code="a">volumen</subfield>
  </datafield>
  <datafield tag="901" ind1=" " ind2=" ">
   <subfield code="a">3331</subfield>
  </datafield>
  <datafield tag="080" ind1=" " ind2=" ">
   <subfield code="a">592</subfield>
  </datafield>
  <datafield tag="092" ind1=" " ind2=" ">
   <subfield code="a">592</subfield>
  </datafield>
  <datafield tag="245" ind1=" " ind2=" ">
   <subfield code="a">Nuestra nutria</subfield>
   <subfield code="b">myocastor coypus</subfield>
  </datafield>
  <datafield tag="100" ind1=" " ind2=" ">
   <subfield code="a">Baroffio</subfield>
   <subfield code="b">Rubén</subfield>
  </datafield>
  <datafield tag="100" ind1=" " ind2=" ">
   <subfield code="a">Paoli</subfield>
   <subfield code="b">José</subfield>
  </datafield>
  <datafield tag="100" ind1=" " ind2=" ">
   <subfield code="a">Fiordelisi</subfield>
   <subfield code="b">Alberto</subfield>
  </datafield>
  <datafield tag="650" ind1=" " ind2=" ">
   <subfield code="a">Nutria</subfield>
  </datafield>
  <datafield tag="650" ind1=" " ind2=" ">
   <subfield code="a">Animales</subfield>
  </datafield>
  <datafield tag="650" ind1=" " ind2=" ">
   <subfield code="a">Nutria</subfield>
  </datafield>
  <datafield tag="650" ind1=" " ind2=" ">
   <subfield code="a">Explotación</subfield>
  </datafield>
  <datafield tag="650" ind1=" " ind2=" ">
   <subfield code="a">Legislación</subfield>
  </datafield>
  <datafield tag="650" ind1=" " ind2=" ">
   <subfield code="a">Morfología</subfield>
  </datafield>
  <datafield tag="650" ind1=" " ind2=" ">
   <subfield code="a">Anatomía</subfield>
  </datafield>
  <datafield tag="650" ind1=" " ind2=" ">
   <subfield code="a">Fisiología</subfield>
  </datafield>
  <datafield tag="650" ind1=" " ind2=" ">
   <subfield code="a">Piel</subfield>
  </datafield>
  <datafield tag="650" ind1=" " ind2=" ">
   <subfield code="a">Enfermedades</subfield>
  </datafield>
  <datafield tag="650" ind1=" " ind2=" ">
   <subfield code="a">Crianza</subfield>
  </datafield>
  <datafield tag="650" ind1=" " ind2=" ">
   <subfield code="a">Alimentación</subfield>
  </datafield>
  <datafield tag="650" ind1=" " ind2=" ">
   <subfield code="a">Carne de nutria</subfield>
  </datafield>
  <datafield tag="041" ind1=" " ind2=" ">
   <subfield code="a">spa</subfield>
  </datafield>
  <datafield tag="044" ind1=" " ind2=" ">
   <subfield code="a">ag#</subfield>
  </datafield>
  <datafield tag="300" ind1=" " ind2=" ">
   <subfield code="a">158 p. : il.</subfield>
  </datafield>
  <datafield tag="260" ind1=" " ind2=" ">
   <subfield code="a">Buenos Aires</subfield>
   <subfield code="b">Hemisferio Sur</subfield>
   <subfield code="c">1980</subfield>
  </datafield>
  <datafield tag="250" ind1=" " ind2=" ">
   <subfield code="a">2. ed.</subfield>
  </datafield>
 </record>
</collection>
